000 00492nmm a2200157Ia 4500
008 251105s9999||||xx |||||||||||||||||und||
020 _a9788431509064
041 _aspa
100 _aDe Vecchi, Equipo de expertos
245 0 _aEl Alemán en 3 semanas
264 _a[Madrid, España] :
_bDe Vecchi,
_c[Fecha de publicación no identificada]
300 _a0 páginas
650 _aOther Literatures and languages
856 _uhttps://public.digitaliapublishing.com/a/122533
942 _cCF
999 _c80922
_d80922